| 000 | 00527cam a22001097a 4500 | ||
|---|---|---|---|
| 008 | 180718b1978 xxu||||| |||| 00| 0 eng d | ||
| 082 | _aL1x54 In2/1978 | ||
| 245 |
_aAn economic and functional classfication of the central government budget _cby Economic Division, Department of Economic Affairs, Ministry of Finance, India |
||
| 260 |
_aDelhi _bEconomic Division, Department of Economic Affairs, Ministry of Finance _c1978 |
||
| 300 | _a25p. | ||
| 700 | _aIndia. Ministry of Finance. Department of Economic Affairs. Economic Division | ||
| 999 |
_c500450 _d500450 |
||